000 00532nam a2200181Ia 4500
008 090124s9999 xx 000 0 und d
082 _b18514
_a2280
100 _aपाटील के.डी.
245 _a सत्याप्पा बेरड
250 _a1
260 _c1972
300 _a80
600 _aपाटील के.डी.
630 _a सत्याप्पा बेरड
700 _aपाटील के.डी.
730 _a सत्याप्पा बेरड
942 _cBOOK
999 _c132455
_d132455